Statistics for Eurovision Quiz

Click here to take the quiz!

General Stats

  • This quiz has been taken 362 times
    (359 since last reset)
  • The average score is 5 of 15

Answer Stats

QuestionAnswer% Correct
How many times has Katie Boyle presented Eurovision?4
73%
Which city has hosted the most?Dublin (6)
71%
Which country has officially participated the least?Morocco (1)
69%
Who is or was the last artist to complete 3 times consecutively?Valentina Monetta
62%
Name a country with a pending EBU statusKazakhstan, Kosovo, Liechtenstein, or Qatar
50%
What is currently the most popular date Eurovision has been hosted, both Final & Semi-final? (month & date only)May 12 (5 times)
41%
How many entries achieved a total score of 200 or more points?26
36%
What was the first country to be awarded 12 points?Luxembourg
33%
What is the earliest date Eurovision has been hosted? (month & day only)March 3
20%
What dialect was the 1980 Norwegian entry sung in?Sami
20%
Name the song that achieved the last Nil point in the Final.Cry Baby
18%
Portugal is one of 2 countries to receive nil points on their debut. Who is the other?Lithuania
18%
Name the song that has become known as the "Eurovision Anthem"Prelude To Te Deum
15%
Who is considered the most successful Eurovision artist to never win based all their appearences in the contest?Katja Ebstein
9%
What venue hosted the Congratulations: 50 Years of the Eurovision Song Contest?Forum Copenhagen
3%

Score Distribution

Percentile by Number Answered

Percent of People with Each Score

Your Score History

You have not taken this quiz since the last reset